[Event "MAESTRO OSCAR PANNO  II"]
[Site "SchemingMind.com"]
[Date "2013.12.02"]
[Round "-"]
[White "jjb091"]
[Black "emvarela"]
[Result "1-0"]
[WhiteCountry "USA"]
[BlackCountry "ARG"]
[WhiteElo "1767"]
[WhiteRD "78"]
[BlackElo "1683"]
[BlackRD "48"]
[GameID "342714"]

1. e4 e5 2. Nf3 Nc6 3. Bb5 a6 4. Ba4 Nf6 5. O-O Be7 6. Re1 b5 7. Bb3 d6 8. c3 Bg4 9. d3 Na5 10. Bc2 c5
11. Nbd2 O-O 12. Nf1 Re8 13. h3 Bxf3 14. Qxf3 Qc7 15. Ne3 c4 16. d4 exd4 17. cxd4 Rad8 18. Nf5 Bf8 19. Bg5
1-0

[Event "MAESTRO OSCAR PANNO  II"]
[Site "SchemingMind.com"]
[Date "2013.12.02"]
[Round "-"]
[White "emvarela"]
[Black "jjb091"]
[Result "1-0"]
[WhiteCountry "ARG"]
[BlackCountry "USA"]
[WhiteElo "1674"]
[WhiteRD "46"]
[BlackElo "1748"]
[BlackRD "79"]
[GameID "342715"]

1. e4 c5 2. Nf3 d6 3. d4 cxd4 4. Nxd4 Nf6 5. Nc3 e6 6. Be3 a6 7. Bc4 Nc6 8. Nxc6 bxc6 9. O-O Be7 10. f4 d5
11. exd5 Nxd5 12. Bxd5 cxd5 13. Bd4 O-O 14. Qg4 Bf6 15. Bxf6 Qxf6 16. Qf3 Bb7 17. Qd3 Rac8 18. Rae1 Qg6 19. Qxg6 hxg6 20. Rf2 Rfe8
21. Nd1 Re7 22. c3 Rc5 23. Ne3 Bc6 24. g4 Rb7 25. f5 gxf5 26. gxf5 exf5 27. Nxf5 Kf8 28. Nd6 Rd7 29. Re8#
1-0

[Event "MAESTRO OSCAR PANNO  II"]
[Site "SchemingMind.com"]
[Date "2013.11.29"]
[Round "-"]
[White "senorquinn"]
[Black "jjb091"]
[Result "0-1"]
[WhiteCountry "CAN"]
[BlackCountry "USA"]
[WhiteElo "1736"]
[WhiteRD "104"]
[BlackElo "1748"]
[BlackRD "79"]
[GameID "342754"]

1. d4 Nf6 2. c4 e6 3. Nf3 b6 4. a3 Ba6 5. Qc2 c5 6. d5 exd5 7. cxd5 g6 8. Nc3 Bg7 9. g3 O-O 10. Bg2 d6
11. O-O Re8 12. Re1 Nbd7 13. Bf4 Qe7 14. Qa4 Bb7 15. Nb5 Nxd5 16. Nxd6 Bxb2 17. Rab1 Nxf4 18. Qxf4 Bxf3 19. Nxe8 Be5 20. Qxf3 Rxe8
21. Qb7 Bf6 22. Qxa7 Qd8 23. Bc6 Re7 24. Bxd7 Rxd7 25. Qxb6 Qe7 26. e3 c4 27. Qb4 Qxb4 28. Rxb4 Rd3 29. a4 c3 30. Rc4 Rd2
31. Rc1 Ra2 32. Kg2 Kf8 33. Kf3 Ke7
0-1

[Event "MAESTRO OSCAR PANNO  II"]
[Site "SchemingMind.com"]
[Date "2013.12.03"]
[Round "-"]
[White "senorquinn"]
[Black "emvarela"]
[Result "0-1"]
[WhiteCountry "CAN"]
[BlackCountry "ARG"]
[WhiteElo "1736"]
[WhiteRD "104"]
[BlackElo "1674"]
[BlackRD "46"]
[GameID "342755"]

1. d4 Nf6 2. c4 e6 3. Nf3 Bb4+ 4. Nbd2 O-O 5. a3 Bxd2+ 6. Bxd2 d5 7. Qc2 dxc4 8. Qxc4 b6 9. g3 Bb7 10. Bg2 Nbd7
11. O-O c5 12. b4 cxb4 13. Bxb4 Rc8 14. Qb3 Re8 15. Nd2 Bxg2 16. Kxg2 Nd5
0-1

[Event "MAESTRO OSCAR PANNO  II"]
[Site "SchemingMind.com"]
[Date "2013.11.30"]
[Round "-"]
[White "jjb091"]
[Black "senorquinn"]
[Result "1/2-1/2"]
[WhiteCountry "USA"]
[BlackCountry "CAN"]
[WhiteElo "1767"]
[WhiteRD "78"]
[BlackElo "1849"]
[BlackRD "118"]
[GameID "342756"]

1. e4 e5 2. Nf3 Nc6 3. Bb5 Nf6 4. O-O Nxe4 5. d4 Nd6 6. Bxc6 dxc6 7. dxe5 Nf5 8. Qxd8+ Kxd8 9. Nc3 h6 10. h3 Bd7
11. b3 Kc8 12. Bb2 b6 13. Rad1 Ne7 14. Ne2 Ng6 15. Ne1 h5 16. f4 Ne7 17. Nf3 Nf5 18. Rd3 Bc5+ 19. Kh2 Ne3 20. Rc1 Bf5
21. Rc3 Nd5 22. Rc4 Ne3 23. Rc3 Nd5 24. Rc4 Ne3=
1/2-1/2

[Event "MAESTRO OSCAR PANNO  II"]
[Site "SchemingMind.com"]
[Date "2013.12.03"]
[Round "-"]
[White "emvarela"]
[Black "senorquinn"]
[Result "1-0"]
[WhiteCountry "ARG"]
[BlackCountry "CAN"]
[WhiteElo "1674"]
[WhiteRD "46"]
[BlackElo "1736"]
[BlackRD "104"]
[GameID "342757"]

1. e4 c5 2. Nf3 d6 3. d4 cxd4 4. Nxd4 Nf6 5. Nc3 a6 6. Be3 e5 7. Nb3 Be6 8. Qd2 Be7 9. O-O-O Nbd7 10. f4 b5
11. Nd5 Nxe4 12. Qa5 Qxa5 13. Nxa5 Rc8 14. Nxe7 Kxe7 15. Bd3 Ndc5 16. Bxe4
1-0

[Event "MAESTRO OSCAR PANNO  II"]
[Site "SchemingMind.com"]
[Date "2013.11.29"]
[Round "-"]
[White "kenneth m day"]
[Black "jjb091"]
[Result "1-0"]
[WhiteCountry "USA"]
[BlackCountry "USA"]
[WhiteElo "1764"]
[WhiteRD "48"]
[BlackElo "1735"]
[BlackRD "79"]
[GameID "342758"]

1. e4 e6 2. d4 d5 3. Nd2 Nf6 4. e5 Nfd7 5. Bd3 c5 6. c3 Nc6 7. Ne2 cxd4 8. cxd4 f6 9. Nf3 fxe5 10. Nxe5 Ndxe5
11. dxe5 Nxe5 12. O-O Bc5 13. Bb5+ Bd7 14. Qa4 a6 15. Bxd7+ Qxd7 16. Qf4 Nd3 17. Qg3 Nxc1 18. Raxc1 Ba7 19. Rc7 Qb5 20. Qxg7
1-0

[Event "MAESTRO OSCAR PANNO  II"]
[Site "SchemingMind.com"]
[Date "2013.11.28"]
[Round "-"]
[White "kenneth m day"]
[Black "senorquinn"]
[Result "0-1"]
[WhiteCountry "USA"]
[BlackCountry "CAN"]
[WhiteElo "1764"]
[WhiteRD "48"]
[BlackElo "1917"]
[BlackRD "131"]
[GameID "342759"]

1. e4 e5 2. f4 Bc5 3. Nf3 d6 4. Bc4 Nf6 5. d3 Nc6 6. Nc3 a6 7. Qe2 Bg4 8. Be3 exf4 9. Bxf4 Nd4 10. Qd1 b5
11. Bd5 Nxd5 12. Nxd5 c6 13. Ne3 Bxf3 14. gxf3 Ne6 15. Ng2 Nxf4 16. Nxf4 Qh4+
0-1

[Event "MAESTRO OSCAR PANNO  II"]
[Site "SchemingMind.com"]
[Date "2013.12.03"]
[Round "-"]
[White "kenneth m day"]
[Black "emvarela"]
[Result "1-0"]
[WhiteCountry "USA"]
[BlackCountry "ARG"]
[WhiteElo "1756"]
[WhiteRD "49"]
[BlackElo "1683"]
[BlackRD "48"]
[GameID "342760"]

1. e4 e5 2. Nf3 Nc6 3. c3 Nf6 4. d4 Nxe4 5. d5 Bc5 6. dxc6 Bxf2+ 7. Ke2 bxc6 8. Qa4 Nxc3+ 9. Nxc3 Bb6 10. Bd2 O-O
11. Re1 a5 12. Kd1 Qf6 13. Bd3 d5 14. Nxe5 Bf5 15. Rhf1 g6 16. Qxc6 Rfe8 17. Qxf6
1-0

[Event "MAESTRO OSCAR PANNO  II"]
[Site "SchemingMind.com"]
[Date "2013.11.29"]
[Round "-"]
[White "jjb091"]
[Black "kenneth m day"]
[Result "1-0"]
[WhiteCountry "USA"]
[BlackCountry "USA"]
[WhiteElo "1767"]
[WhiteRD "78"]
[BlackElo "1756"]
[BlackRD "49"]
[GameID "342761"]

1. e4 e5 2. Nf3 Nc6 3. Bb5 f5 4. Nc3 fxe4 5. Nxe4 Nf6 6. Nxf6+ gxf6 7. d4 Bg7 8. dxe5 O-O 9. exf6 Qxf6 10. O-O a6
11. Bc4+ Kh8 12. Bg5 Qxb2 13. Qd3 Qc3 14. Rae1 Qxd3 15. Bxd3 d6 16. a3 Bg4 17. Be4 Rae8 18. Bxc6 bxc6 19. Bd2 d5 20. Bb4 Rxe1
21. Rxe1 Rd8 22. Re3 d4 23. Re7 Bh5 24. Rxc7 h6 25. Ne1 Be8 26. Nd3 Rb8 27. Kf1 Bh5 28. Rxc6 a5 29. Be1 Rb1 30. Rc5 a4
31. Rxh5 Kh7 32. Ke2 Bf8 33. Bb4 Bxb4 34. Nxb4 Kg6 35. Ra5
1-0

[Event "MAESTRO OSCAR PANNO  II"]
[Site "SchemingMind.com"]
[Date "2013.11.29"]
[Round "-"]
[White "senorquinn"]
[Black "kenneth m day"]
[Result "1-0"]
[WhiteCountry "CAN"]
[BlackCountry "USA"]
[WhiteElo "1767"]
[WhiteRD "105"]
[BlackElo "1769"]
[BlackRD "48"]
[GameID "342762"]

1. d4 Nf6 2. c4 e6 3. Nf3 b6 4. Nc3 Bb7 5. a3 Be7 6. d5 O-O 7. e4 exd5 8. cxd5 d6 9. Bd3 c6 10. O-O cxd5
11. exd5 Nbd7 12. Re1 Nc5 13. Bc2 Re8 14. Bf4 Qd7 15. Qd2 a6 16. b4 Bxd5 17. Nxd5 Nxd5 18. Qxd5 Ne6 19. Qd3 g6 20. Bh6 Bf6
21. Rad1 Bg7 22. Bxg7 Nxg7 23. Rxe8+ Rxe8 24. Qxd6 Qxd6 25. Rxd6 Rc8 26. Rd2 a5 27. Kf1 axb4 28. axb4 Ne6 29. Bb3 Rc1+ 30. Rd1 Rc3
31. Bxe6 fxe6 32. Rd6 Rc1+ 33. Ke2 Kf7 34. Rxb6 Rb1 35. Rb7+ Kf6 36. b5 Rb2+ 37. Ke3 Rb3+ 38. Kd4 Rb2 39. b6 Rxf2 40. Rxh7 Rb2
41. b7 Rb5 42. Kc4 Rb2 43. Kc5 Rb3 44. Kc6 Rc3+ 45. Kd7 Rd3+ 46. Ke8
1-0

[Event "MAESTRO OSCAR PANNO  II"]
[Site "SchemingMind.com"]
[Date "2013.12.03"]
[Round "-"]
[White "emvarela"]
[Black "kenneth m day"]
[Result "1-0"]
[WhiteCountry "ARG"]
[BlackCountry "USA"]
[WhiteElo "1683"]
[WhiteRD "48"]
[BlackElo "1756"]
[BlackRD "49"]
[GameID "342763"]

1. e4 e5 2. Nf3 Nc6 3. Bb5 d6 4. d4 Bd7 5. Nc3 Nf6 6. O-O a6 7. Bxc6 Bxc6 8. d5 Bd7 9. Bg5 Be7 10. Bxf6 Bxf6
11. Ne2 Bg4 12. Nd2 O-O 13. f3 Bh5 14. Ng3 Bg6 15. c4 h5 16. b4 h4 17. Ne2 Kh7 18. f4 exf4 19. Nxf4 Bxa1 20. Nxg6 Bf6
21. Qh5+
1-0

[Event "MAESTRO OSCAR PANNO  II"]
[Site "SchemingMind.com"]
[Date "2013.12.03"]
[Round "-"]
[White "Scooter"]
[Black "jjb091"]
[Result "1-0"]
[WhiteCountry "USA"]
[BlackCountry "USA"]
[WhiteElo "1674"]
[WhiteRD "49"]
[BlackElo "1735"]
[BlackRD "79"]
[GameID "342945"]

1. d4 Nf6 2. Nf3 e6 3. Bg5 d5 4. e3 Be7 5. Be2 h6 6. Bxf6 Bxf6 7. O-O O-O 8. Nbd2 Nd7 9. c4 b6 10. cxd5 exd5
11. Rc1 c5 12. b3 Re8 13. Bb5 cxd4 14. Nxd4 a6 15. Bxd7 Bxd7 16. N2f3 Rc8 17. Qd3 Bb5 18. Nxb5 axb5 19. Qxb5 Qd6 20. Rxc8 Rxc8
21. Rd1 Rc5 22. Qe8+ Kh7 23. Qxf7 Rc7 24. Qh5 Rc5 25. h3 Qc6 26. Ne5 Qc7 27. Qg6+ Kg8 28. Ng4 Bg5 29. f4 Rc6 30. Qe8+ Kh7
31. fxg5 Qg3 32. Qxc6
1-0

[Event "MAESTRO OSCAR PANNO  II"]
[Site "SchemingMind.com"]
[Date "2013.12.02"]
[Round "-"]
[White "Scooter"]
[Black "senorquinn"]
[Result "0-1"]
[WhiteCountry "USA"]
[BlackCountry "CAN"]
[WhiteElo "1674"]
[WhiteRD "49"]
[BlackElo "1917"]
[BlackRD "131"]
[GameID "342946"]

1. d4 Nf6 2. Nf3 e6 3. Bg5 c5 4. e3 Be7 5. c3 b6 6. Nbd2 Bb7 7. Be2 O-O 8. O-O d6 9. Bxf6 Bxf6 10. Nc4 Be7
11. dxc5 bxc5 12. Qb3 Bd5 13. Qc2 Nd7 14. Rfd1 Nf6 15. Qd3 Ne4 16. Ncd2 f5 17. c4 Bc6 18. Ne1 Qb6 19. b3 d5 20. Nxe4 fxe4
21. Qd2 d4 22. exd4 cxd4 23. Bg4 e3 24. Bxe6+ Kh8 25. fxe3 dxe3 26. Qe2 Rf2
0-1

[Event "MAESTRO OSCAR PANNO  II"]
[Site "SchemingMind.com"]
[Date "2013.12.07"]
[Round "-"]
[White "Scooter"]
[Black "emvarela"]
[Result "1-0"]
[WhiteCountry "USA"]
[BlackCountry "ARG"]
[WhiteElo "1731"]
[WhiteRD "46"]
[BlackElo "1674"]
[BlackRD "46"]
[GameID "342947"]

1. d4 Nf6 2. Bf4 d5 3. Nf3 e6 4. e3 c5 5. Bb5+ Bd7 6. Bxd7+ Nbxd7 7. c3 cxd4 8. exd4 Nb6 9. Nbd2 Bd6 10. Bxd6 Qxd6
11. O-O O-O 12. Re1 Nfd7 13. h3 Nc4 14. Nxc4 dxc4 15. Ne5 Nxe5 16. Rxe5 b6 17. Qe2 Rfe8 18. Qxc4 Rac8 19. Qd3 f6 20. Re2 Rc7
21. Rae1 Rce7 22. Qb5 Kf7 23. Qh5+ Kg8 24. Qb5 g6 25. Qb4 Qxb4 26. cxb4 e5 27. dxe5 Rxe5 28. Kf1 Rxe2 29. Rxe2 Rxe2 30. Kxe2 Kf7
31. Kd3 Ke6 32. f4 Kd5 33. a4 a6 34. g4 b5 35. b3 h6 36. h4 h5 37. gxh5 gxh5 38. Ke3 bxa4 39. bxa4 f5 40. b5 axb5
41. axb5 Kc5 42. b6 Kxb6 43. Kd4 Kc6 44. Ke5
1-0

[Event "MAESTRO OSCAR PANNO  II"]
[Site "SchemingMind.com"]
[Date "2013.12.02"]
[Round "-"]
[White "Scooter"]
[Black "kenneth m day"]
[Result "0-1"]
[WhiteCountry "USA"]
[BlackCountry "USA"]
[WhiteElo "1727"]
[WhiteRD "49"]
[BlackElo "1785"]
[BlackRD "53"]
[GameID "342948"]

1. d4 Nf6 2. Bf4 d6 3. Nf3 g6 4. e3 Bg7 5. Be2 O-O 6. O-O Nbd7 7. c4 c5 8. Nc3 b6 9. h3 Bb7 10. d5 Nh5
11. Bh2 a6 12. b3 Bxc3
0-1

[Event "MAESTRO OSCAR PANNO  II"]
[Site "SchemingMind.com"]
[Date "2013.12.04"]
[Round "-"]
[White "jjb091"]
[Black "Scooter"]
[Result "1-0"]
[WhiteCountry "USA"]
[BlackCountry "USA"]
[WhiteElo "1823"]
[WhiteRD "88"]
[BlackElo "1727"]
[BlackRD "49"]
[GameID "342949"]

1. e4 c6 2. d4 d5 3. exd5 cxd5 4. c4 Nf6 5. Nc3 Nc6 6. Bg5 e6 7. Nf3 Be7 8. c5 O-O 9. Bb5 h6 10. Bf4 a6
11. Ba4 b5 12. Bc2 Bb7 13. O-O Rc8 14. Qd2 b4 15. Na4 Qa5 16. Bxh6 gxh6 17. Qxh6 Ne4 18. Rfe1 f5 19. Qxe6+ Rf7 20. Nb6 Rd8
21. Nxd5 Kf8 22. Nxe7 Nxe7 23. Ne5 Bd5 24. Qh6+ Ke8 25. Nxf7 Bxf7 26. g4 Nd2 27. Qxd2
1-0

[Event "MAESTRO OSCAR PANNO  II"]
[Site "SchemingMind.com"]
[Date "2013.12.02"]
[Round "-"]
[White "senorquinn"]
[Black "Scooter"]
[Result "1-0"]
[WhiteCountry "CAN"]
[BlackCountry "USA"]
[WhiteElo "1917"]
[WhiteRD "131"]
[BlackElo "1674"]
[BlackRD "49"]
[GameID "342950"]

1. d4 Nf6 2. c4 g6 3. Nc3 Bg7 4. e4 d6 5. Nf3 Bg4 6. Be2 O-O 7. Be3 Nbd7 8. Ng1 Bxe2 9. Ngxe2 c6 10. f3 e5
11. Qd2 Nb6 12. b3 Re8 13. O-O exd4 14. Bxd4 Qc7 15. Rfd1 Rad8 16. Rac1 Qd7 17. Qe3 Nh5 18. Bxb6 axb6 19. Qxb6 Bxc3 20. Rxc3 Ra8
21. a4 Ra6 22. Qb4 Rd8 23. Rcd3 c5 24. Qxc5 dxc5 25. Rxd7 Rxd7 26. Rxd7 b6 27. Rb7
1-0

[Event "MAESTRO OSCAR PANNO  II"]
[Site "SchemingMind.com"]
[Date "2013.12.07"]
[Round "-"]
[White "emvarela"]
[Black "Scooter"]
[Result "0-1"]
[WhiteCountry "ARG"]
[BlackCountry "USA"]
[WhiteElo "1683"]
[WhiteRD "48"]
[BlackElo "1705"]
[BlackRD "45"]
[GameID "342951"]

1. Nf3 Nf6 2. g3 g6 3. Bg2 Bg7 4. O-O O-O 5. d4 d5 6. c4 c6 7. Nc3 dxc4 8. e4 Bg4 9. Be3 b5 10. e5 Nd5
11. Nxd5 cxd5 12. h3 Bxf3 13. Qxf3 e6 14. Bd2 Nc6 15. Be3 a5 16. a3 b4 17. axb4 axb4 18. Qe2 Qb6 19. Qc2 Nxd4 20. Bxd4 Qxd4
21. Rad1 Qxe5
0-1

[Event "MAESTRO OSCAR PANNO  II"]
[Site "SchemingMind.com"]
[Date "2013.12.02"]
[Round "-"]
[White "kenneth m day"]
[Black "Scooter"]
[Result "1/2-1/2"]
[WhiteCountry "USA"]
[BlackCountry "USA"]
[WhiteElo "1764"]
[WhiteRD "48"]
[BlackElo "1674"]
[BlackRD "49"]
[GameID "342952"]

1. e4 c6 2. c4 d5 3. cxd5 cxd5 4. exd5 Qxd5 5. d4 Nc6 6. Nf3 Bg4 7. Nc3 Qd8 8. Bb5 a6 9. Bxc6+ bxc6 10. O-O Nf6
11. Bg5 e6 12. h3 Bf5 13. Rc1 Be7 14. Ne5 Rc8 15. Na4 O-O 16. Rxc6 Rxc6 17. Nxc6 Qc7 18. Nxe7+ Qxe7 19. Nc5 h6 20. Bf4 Nd5
21. Bd2 Qd6 22. Qa4 Ra8 23. b4 Nb6 24. Qb3 Qxd4 25. Be3 Qd5 26. Qc3 Rc8 27. Qd4 Qxd4 28. Bxd4 Nd5 29. a3 Nf4 30. Re1 Nd3
31. Nxd3 Bxd3 32. Re3 Rc1+ 33. Kh2 Bb5 34. Rg3 g6 35. Be3 Rc2 36. Bf4 Rxf2 37. Bxh6 Bc6 38. Bg5 Re2 39. Bf6 Kf8 40. Rg4 Ke8
41. Kg1 Re3 42. Rd4 Bd7 43. Rh4 Bb5 44. Rd4 Bd7 45. Rh4=
1/2-1/2

[Event "MAESTRO OSCAR PANNO  II"]
[Site "SchemingMind.com"]
[Date "2013.12.05"]
[Round "-"]
[White "Simon Green"]
[Black "jjb091"]
[Result "1-0"]
[WhiteCountry "ENG"]
[BlackCountry "USA"]
[WhiteElo "1587"]
[WhiteRD "53"]
[BlackElo "1735"]
[BlackRD "79"]
[GameID "343149"]

1. d4 Nf6 2. e3 g6 3. Bd3 Bg7 4. f4 d6 5. Nf3 O-O 6. O-O Nbd7 7. Nbd2 c5 8. c3 b6 9. Qe1 Bb7 10. b3 Re8
11. Bb5 a6 12. Bd3 e6 13. h3 Nd5 14. Nc4 Qc7 15. a4 e5 16. fxe5 dxe5 17. e4 Ne7 18. d5 Nc8 19. Ng5 Rf8 20. Qf2 Nf6
21. Be3 b5 22. axb5 axb5 23. Nd2 Nd6 24. Bxc5 h6 25. Bxd6 Qxd6 26. Rxa8 Bxa8 27. Ngf3 Nd7 28. Bxb5 Nc5 29. b4 Nd7 30. Nc4 Qc7
31. Bxd7 Qxd7 32. Nfxe5 Bxe5 33. Nxe5 Qc7 34. Nxg6 Rc8 35. Nh4 Bb7 36. Nf5 Kh7 37. Qh4 Qb6+ 38. Nd4 Rxc3 39. Rxf7+ Kg8 40. Qf6 Qxf6
41. Rxf6 Rc4 42. Rb6 Bxd5 43. Nf5 Bxe4 44. Nd6 Rc1+ 45. Kh2 Bd5 46. Nf5 Rc2 47. Ne3 Rd2 48. Rd6
1-0

[Event "MAESTRO OSCAR PANNO  II"]
[Site "SchemingMind.com"]
[Date "2013.12.04"]
[Round "-"]
[White "Simon Green"]
[Black "senorquinn"]
[Result "0-1"]
[WhiteCountry "ENG"]
[BlackCountry "CAN"]
[WhiteElo "1587"]
[WhiteRD "53"]
[BlackElo "1917"]
[BlackRD "131"]
[GameID "343150"]

1. d4 Nf6 2. e3 g6 3. Bd3 Bg7 4. f4 O-O 5. Nf3 c5 6. c3 d6 7. O-O Nc6 8. Qe1 e5 9. fxe5 dxe5 10. Ng5 exd4
11. exd4 cxd4 12. Bc4 dxc3 13. bxc3 h6 14. Nxf7 Rxf7 15. Bxf7+ Kxf7 16. Na3 Bf5 17. Bb2 Kg8 18. Nc4 Qd3 19. Nd2 Re8 20. Qc1 Qe3+
21. Kh1 Ng4 22. Nf3 Nf2+ 23. Rxf2 Qxf2 24. Qf1 Re2 25. Qxf2 Rxf2 26. Ba3 Ne5 27. Nxe5 Bxe5 28. Bc5 Re2 29. Bd4 Bxd4 30. cxd4 Be4
31. Rg1 Rxa2
0-1

[Event "MAESTRO OSCAR PANNO  II"]
[Site "SchemingMind.com"]
[Date "2013.12.09"]
[Round "-"]
[White "Simon Green"]
[Black "emvarela"]
[Result "1-0"]
[WhiteCountry "ENG"]
[BlackCountry "ARG"]
[WhiteElo "1602"]
[WhiteRD "54"]
[BlackElo "1674"]
[BlackRD "46"]
[GameID "343151"]

1. d4 Nf6 2. e3 d5 3. Bd3 Bg4 4. f3 Bh5 5. Nd2 e6 6. Ne2 c5 7. c3 c4 8. Bc2 Bd6 9. O-O O-O 10. Qe1 b5
11. f4 Nc6 12. Nf3 Bxf3 13. Rxf3 Nd7 14. Rh3 g6 15. Qg3 f5 16. b4 Qf6 17. a4 a6 18. a5 Kg7 19. Bd2 h6 20. Qf3 g5
21. fxg5 hxg5 22. Ng3 Bxg3 23. Qxg3 Rh8 24. e4 Rxh3 25. gxh3 Kg6 26. exf5+ exf5 27. Rf1 Ne7 28. h4
1-0

[Event "MAESTRO OSCAR PANNO  II"]
[Site "SchemingMind.com"]
[Date "2013.12.04"]
[Round "-"]
[White "Simon Green"]
[Black "Scooter"]
[Result "0-1"]
[WhiteCountry "ENG"]
[BlackCountry "USA"]
[WhiteElo "1625"]
[WhiteRD "57"]
[BlackElo "1727"]
[BlackRD "49"]
[GameID "343152"]

1. d4 Nf6 2. e3 g6 3. Bd3 Bg7 4. f4 O-O 5. Nf3 d5 6. O-O Bg4 7. Nbd2 Nbd7 8. Qe1 c5 9. c3 c4 10. Bc2 e6
11. Ne5 Nxe5 12. fxe5 Nd7 13. e4 g5 14. exd5 exd5 15. Qg3 Be6 16. Nf3 h6 17. Nxg5 hxg5 18. Bxg5 f6 19. Qh4 Rf7 20. Qh7+ Kf8
21. Bh6 Bxh6 22. Qxh6+ Ke7 23. Bg6 Qh8 24. Qxh8 Rxh8 25. Bxf7 Bxf7 26. exf6+ Nxf6 27. Rae1+ Ne4 28. Rf3 Rh7 29. Rf4 Bg6 30. h4 Kd6
31. Re3 a5 32. a4 Be8 33. Ref3 b6 34. Rf5 Rxh4 35. Re5 Bxa4 36. Rh3 Rxh3 37. gxh3 Nd2 38. Kf2 Bc2 39. h4 Ne4+ 40. Kf3 b5
41. Kf4 b4 42. cxb4 axb4 43. h5 Nf2 44. Re2 Nd3+ 45. Kg5 b3 46. h6 Nxb2 47. Kf6 c3 48. Kg7 Nc4 49. Rxc2 bxc2 50. h7 c1=Q
51. h8=Q Qg5+ 52. Kf7 Qf5+ 53. Kg7 c2 54. Qh6+ Kc7 55. Qh2+ Nd6 56. Qd2 Ne8+ 57. Kh6 Qf6+ 58. Kh5 Ng7+ 59. Kg4 Qf5+ 60. Kg3 Nh5+
61. Kg2 Qg4+ 62. Kf1 Qf4+
0-1

[Event "MAESTRO OSCAR PANNO  II"]
[Site "SchemingMind.com"]
[Date "2013.12.05"]
[Round "-"]
[White "Simon Green"]
[Black "kenneth m day"]
[Result "0-1"]
[WhiteCountry "ENG"]
[BlackCountry "USA"]
[WhiteElo "1587"]
[WhiteRD "53"]
[BlackElo "1764"]
[BlackRD "48"]
[GameID "343153"]

1. d4 Nf6 2. e3 g6 3. Bd3 Bg7 4. f4 O-O 5. Nf3 d6 6. O-O c5 7. c3 Nc6 8. Nbd2 Qd7 9. Qe1 cxd4 10. exd4 Nd5
11. Nb3 b6 12. Be4 e6 13. Bxd5 exd5 14. Bd2 Re8 15. Qf2 Qg4 16. h3 Qd7 17. Rae1 Ba6 18. Rxe8+ Rxe8 19. Re1 Ne7 20. g4 f5
21. Ng5 fxg4 22. Qh4 h6 23. Ne6 Nf5 24. Qxg4 Rxe6 25. Qf3 Qe7 26. Qxd5 Bc8 27. Rxe6 Bxe6 28. Qf3 Nh4 29. Qe4 Qd7 30. Be1 Bxh3
31. Bxh4 Qg4+ 32. Kh2 Qxh4 33. Kg1 Qg3+ 34. Kh1 Bf5 35. Qd5+ Kh7 36. Qxd6 Be4#
0-1

[Event "MAESTRO OSCAR PANNO  II"]
[Site "SchemingMind.com"]
[Date "2013.12.05"]
[Round "-"]
[White "jjb091"]
[Black "Simon Green"]
[Result "1-0"]
[WhiteCountry "USA"]
[BlackCountry "ENG"]
[WhiteElo "1823"]
[WhiteRD "88"]
[BlackElo "1625"]
[BlackRD "57"]
[GameID "343154"]

1. e4 e6 2. d4 d5 3. Nc3 Nf6 4. Bg5 Be7 5. e5 Nfd7 6. h4 Bxg5 7. hxg5 Qxg5 8. Nh3 Qe7 9. Qg4 O-O 10. Nf4 f5
11. Qh3 Kf7 12. Qh5+ g6 13. Qxh7+ Ke8 14. Qxe7+ Kxe7 15. Nxg6+
1-0

[Event "MAESTRO OSCAR PANNO  II"]
[Site "SchemingMind.com"]
[Date "2013.12.04"]
[Round "-"]
[White "senorquinn"]
[Black "Simon Green"]
[Result "1-0"]
[WhiteCountry "CAN"]
[BlackCountry "ENG"]
[WhiteElo "1736"]
[WhiteRD "104"]
[BlackElo "1602"]
[BlackRD "54"]
[GameID "343155"]

1. d4 e6 2. c4 d5 3. Nc3 Nf6 4. cxd5 exd5 5. Bg5 Be7 6. e3 c6 7. Bd3 Be6 8. Qc2 g6 9. Nge2 Nbd7 10. O-O h6
11. Bf4 Nb6 12. e4 g5 13. e5 Nfd7 14. Bg3 Qc7 15. f4 f6 16. f5 Bg8 17. e6 Bd6 18. exd7+ Qxd7 19. Bxd6 Qxd6 20. Na4 Nxa4
21. Qxa4 Bf7 22. Rfe1 O-O 23. Nc3 a6 24. Qc2 Rae8 25. Qd2 Rxe1+ 26. Rxe1 b5 27. Qf2 Re8 28. Rxe8+ Bxe8 29. a3 Bh5 30. Qg3 Qxg3
31. hxg3 Be8 32. Kf2 Bd7 33. g4 Kf8 34. Ke3 Ke7 35. Ne2 Kd6 36. Ng3 c5 37. dxc5+ Kxc5 38. b4+ Kd6 39. Kd4 Bc6 40. Nh5 Ke7
41. Kc5 Ba8 42. Kd4 Bb7 43. Be2 Bc6 44. Bf3
1-0

[Event "MAESTRO OSCAR PANNO  II"]
[Site "SchemingMind.com"]
[Date "2013.12.09"]
[Round "-"]
[White "emvarela"]
[Black "Simon Green"]
[Result "1-0"]
[WhiteCountry "ARG"]
[BlackCountry "ENG"]
[WhiteElo "1674"]
[WhiteRD "46"]
[BlackElo "1602"]
[BlackRD "54"]
[GameID "343156"]

1. e4 e6 2. d4 d5 3. Nc3 Nf6 4. Bg5 Be7 5. e5 Nfd7 6. Bxe7 Qxe7 7. f4 a6 8. Nf3 c5 9. dxc5 Nxc5 10. Qd2 O-O
11. O-O-O Nc6 12. Nd4 Nxd4 13. Qxd4 b5 14. f5 Qg5+ 15. Kb1 Nd7 16. fxe6 fxe6 17. Re1 Rf4 18. Qd2 Qf5 19. Bd3 Qf7 20. Rhf1 Nxe5
21. Rxf4 Qc7 22. Ref1 Bb7 23. Rh4 g6 24. Qh6 Nxd3 25. cxd3 d4 26. Ne4 Bxe4 27. Rxe4 e5 28. Rfe1 Rc8 29. Rxe5 Qd7 30. Re7
1-0

[Event "MAESTRO OSCAR PANNO  II"]
[Site "SchemingMind.com"]
[Date "2013.12.04"]
[Round "-"]
[White "Scooter"]
[Black "Simon Green"]
[Result "1-0"]
[WhiteCountry "USA"]
[BlackCountry "ENG"]
[WhiteElo "1727"]
[WhiteRD "49"]
[BlackElo "1625"]
[BlackRD "57"]
[GameID "343157"]

1. d4 e6 2. Nf3 d5 3. Bf4 c5 4. c3 c4 5. e3 b5 6. Be2 Bd6 7. Bxd6 Qxd6 8. O-O Nc6 9. Nbd2 Nge7 10. b4 O-O
11. a4 Ba6 12. axb5 Bxb5 13. Qc2 a5 14. bxa5 Rxa5 15. Qb2 Rxa1 16. Rxa1 Rb8 17. Qa3 Qxa3 18. Rxa3 f6 19. Ra2 g5 20. Rb2 Ba4
21. Rxb8+ Nxb8 22. e4 Nbc6 23. exd5 exd5 24. Nb1 Bc2 25. Na3 Be4 26. Nb5 Kg7 27. Nd6 Bxf3 28. Bxf3 Kg6 29. g3 f5 30. h3 h5
31. Kf1 g4 32. hxg4 hxg4 33. Bg2 Kg5 34. Nf7+ Kg6 35. Nd6 Nd8 36. f4 Nf7 37. Nb5 Kf6 38. Nc7 Nd6 39. Nxd5+ Nxd5 40. Bxd5 Ne4
41. Bxe4 fxe4 42. Ke2 Kf5 43. Ke3
1-0

[Event "MAESTRO OSCAR PANNO  II"]
[Site "SchemingMind.com"]
[Date "2013.12.05"]
[Round "-"]
[White "kenneth m day"]
[Black "Simon Green"]
[Result "1-0"]
[WhiteCountry "USA"]
[BlackCountry "ENG"]
[WhiteElo "1764"]
[WhiteRD "48"]
[BlackElo "1587"]
[BlackRD "53"]
[GameID "343158"]

1. e4 e6 2. d4 d5 3. Nd2 Nf6 4. e5 Nfd7 5. Bd3 c5 6. c3 Nc6 7. Ne2 c4 8. Bc2 f6 9. Nf3 Be7 10. Bf4 f5
11. Qd2 b5 12. Ng5 Nb6 13. O-O-O h6 14. Nf3 g5 15. Be3 f4 16. Bxf4 gxf4 17. Qxf4 Bd7 18. Bg6#
1-0

[Event "MAESTRO OSCAR PANNO  II"]
[Site "SchemingMind.com"]
[Date "2013.12.10"]
[Round "-"]
[White "berns"]
[Black "jjb091"]
[Result "1-0"]
[WhiteCountry "ENG"]
[BlackCountry "USA"]
[WhiteElo "1564"]
[WhiteRD "75"]
[BlackElo "1735"]
[BlackRD "79"]
[GameID "343441"]

1. e4 c5 2. Nf3 d6 3. d4 cxd4 4. Nxd4 Nf6 5. Nc3 e6 6. Be2 a6 7. Be3 Nbd7 8. O-O b5 9. f4 Bb7 10. Bf3 Qc7
11. a3 Nc5 12. e5 dxe5 13. Bxb7 Qxb7 14. fxe5 Nd5 15. Rf3 Nxe3 16. Rxe3 Be7 17. Qg4 g6 18. Rf1 O-O-O 19. b4 Nd7 20. Rxf7 Qb6
21. Nce2 Rdf8 22. Rxe7 a5 23. Rxe6 Qa7 24. Rc3+ Kb8 25. Rf3 axb4 26. axb4 Qa1+ 27. Kf2 Rf7 28. Rxf7
1-0